Statistics for Soccer by Letter - A

Click here to take the quiz!

General Stats

  • This quiz has been taken 2,651 times
  • The average score is 9 of 20

Answer Stats

HintAnswer% Correct
World Cup's WinnerArgentina
89%
Iniesta's first nameAndrès
88%
Liverpool's StadiumAnfield
78%
Manchester City StrikerSergio Aguero
77%
Premier League 2014-2015 clubsArsenal
74%
Coach winner of 2003, 2007 and 2014's Champions LeagueCarlo Ancelotti
65%
Munich's StadiumAllianz Arena
62%
Aston Villa
61%
Italian club in BergamoAtalanta
52%
Bayern Munich DefenderDavid Alaba
52%
Togolese StrikerEmmanuel Adebayor
46%
Juventus coach (2014-2015)Massimiliano Allegri
42%
French Footballer, who get from Chelsea to Shanghai ShenhuaNicolas Anelka
37%
4times Champions League WinnerAjax
29%
Xabi Alonso
25%
Alvaro Arbeloa
24%
2010 World Cup player winnersRaul Albiol
11%
Spanish Striker (Atl. Madrid) and Coach (Spain -Atl. Madrid - Barcelona) dead in 2014Luis Aragones
10%
Ballon d'Or WinnerFlorian Albert
6%
1950 World Cup best scorerAdemir
4%

Score Distribution

Percentile by Number Answered

Percent of People with Each Score

Your Score History

You have not taken this quiz